Taylor Swift - Paroles This Is Why We Can't Have Nice Things - Statistiques

Statistiques générales
  • Ce quiz a été pris 80 fois
  • Le résultat moyen est 361 sur 408
Statistiques - réponses
Hint Réponse % Correct
a
100%
can't
100%
had
100%
Had
100%
have
100%
have-
100%
I
100%
is
100%
me?
100%
me
100%
(mmm
100%
mmm)
100%
nice
100%
(nice
100%
the
100%
thing
100%
things,
100%
things
100%
things)
100%
Refrain This
100%
this
100%
to
100%
we
100%
why
100%
you
100%
about
98%
an
98%
he
98%
He
98%
said
98%
said,
98%
all
96%
And
96%
and
96%
darling
96%
(darling)
96%
do
96%
for
96%
friend
96%
hear
96%
Couplet 1 | Couplet 2 It
96%
it
96%
my
96%
was
96%
'Cause
94%
so
94%
Pré-refrain So
94%
drama
93%
forgiveness
93%
friends
93%
here
93%
listen
93%
mama
93%
say
93%
them,
93%
them
93%
(baby),
91%
baby
91%
(baby,
91%
Because
91%
because
91%
even
91%
Bridge Here's
91%
here's
91%
break
89%
she
89%
don't
87%
in
87%
parties
87%
take
87%
away
85%
big
85%
call
85%
lately
85%
They
85%
they
85%
Did
83%
on
83%
real
83%
face!
81%
no
81%
no),
81%
balcony
80%
care
80%
toast
80%
with
80%
being
78%
But
78%
from
78%
think
78%
champagne
76%
straight
76%
throwing
76%
honey
74%
If
74%
(oh)
74%
(oh
74%
oh)
74%
(Oh)
74%
there
74%
There
74%
(uh-uh)
74%
hand
72%
I'm
72%
pool
72%
shaking
72%
what
72%
again
70%
Jump
70%
not
70%
only
70%
while
70%
wouldn't
70%
back
69%
giving
69%
trick
69%
when
69%
chance
67%
second
67%
lost
65%
mind
65%
try
65%
Everyone
63%
head,
63%
issue,
63%
sea
63%
shady
63%
stabbed
63%
swimming
63%
weren't
63%
you've
63%
Hahaha,
61%
twist
61%
parade?
59%
up
59%
into
57%
didn't
56%
Get
56%
why'd
56%
ain't
54%
gates
54%
rain
54%
show
54%
are
52%
locking
50%
phone
50%
chandelier
48%
rules
48%
took
48%
that
46%
reading
43%
Feeling
39%
year
35%
axe
33%
whole
33%
Gatsby
31%
lies
31%
fence
26%
mended
26%
rattling
24%
therein
19%
Bass
15%
beat
13%
Aucun quiz correspondant
Distribution des résultats
% des personnes avec chaque résultat
Percentile par nombre de réponses
Votre historique - résultats
Vous n’avez pas pris ce quiz